Guess the Language Quiz - Statistics

General Stats
  • This quiz has been taken 57 times
  • The average score is 13 of 15
Answer Stats
Text Language % Correct
Que suis je French
100%
Was bin ich German
98%
Qué soy yo Spanish
98%
난 무엇인가 Korean
96%
Что я Russian
96%
私は何でしょう Japanese
92%
我是什么 Chinese Simplified
90%
สิ่งที่ฉัน Thai
90%
מה אני Hebrew
88%
ما أنا Arabic
85%
Τι είμαι εγώ Greek
85%
Cosa sono Italian
83%
hva er jeg Norwegian
75%
मैं कौन हूँ Hindi
67%
من چی هستم Persian
65%
No matching quizzes found
Score Distribution
Percent of People with Each Score
Percentile by Number Answered
Your Score History
You have not taken this quiz